[Event "ch-SWE Master Elite"]
[Site "Vasteras SWE"]
[Date "2011.07.19"]
[Round "4"]
[White "Grandelius,N"]
[Black "Cramling,P"]
[Result "1/2-1/2"]
[WhiteElo "2542"]
[BlackElo "2472"]

1.d4 d5 2.c4 c6 3.Nc3 Nf6 4.e3 e6 5.Nf3 Nbd7 6.Qc2 Bd6 7.Bd3 O-O 8.O-O dxc4
9.Bxc4 a6 10.Rd1 b5 11.Bd3 Qc7 12.Bd2 c5 13.Ne4 c4 14.Nxd6 Qxd6 15.Be2 Bb7
16.b3 Rfc8 17.Qb2 Rab8 18.Rdc1 Bd5 19.Be1 Ne4 20.Rc2 Nb6 21.Rac1 f6 22.Ba5 h6
23.Ne1 f5 24.Nf3 Nd7 25.Qa1 Kh7 26.Be1 Nb6 27.Ne5 cxb3 28.axb3 Rxc2 29.Rxc2 Rc8
30.Rxc8 Nxc8 31.f3 Nf6 32.Qc3 Bb7 33.Bd3 Ne7 34.Nf7 Qc6 35.Qxc6 Bxc6 36.Bb4 Nfd5
37.Bd2 Nc7 38.Nd6 Ne8 39.Nxe8 Bxe8 40.Kf2 Kg8 41.Bb4 Nd5 42.Bc5 a5 43.e4 fxe4
44.fxe4 Nf6 45.Kf3 Bc6 46.Kf4 Nd7 47.Bd6 Kf7 48.h4 Nf6 49.Bc7 a4 50.bxa4 bxa4
51.Ke5 a3 52.Bc4 Bxe4 53.Bxe6+ Ke8 54.Bd6 Bxg2 55.Bxa3 Bf3 56.Bc1 Nd7+ 57.Kf5 g6+
58.Kf4 Bb7 59.Bb3 g5+ 60.hxg5 hxg5+ 61.Kxg5 Nb6 62.Be6 Ke7 63.Bg4 Bd5 64.Ba3+ Kf7
65.Bc5 Na4 66.Bb4 Nb6 67.Kf4 Be6 68.Bh5+ Kf6 69.Ba5 Nd5+ 70.Ke4 Ne7 71.Be1 Bd5+
72.Kf4 Nf5 73.Bf2 Nxd4 74.Bxd4+ Ke6 75.Be5 Kd7 76.Bg4+ Kc6 77.Bc8 Kb6 78.Bb8 Bb7
79.Be6 Bh1 80.Bc8 Bb7 81.Kf5  1/2-1/2

[Event "2nd Vaujany Open A"]
[Site "Vaujany FRA"]
[Date "2011.07.19"]
[Round "6.3"]
[White "Berescu,A"]
[Black "Roos,Dan"]
[Result "1/2-1/2"]
[WhiteElo "2465"]
[BlackElo "2382"]

1.c4 c6 2.Nf3 d5 3.e3 Nf6 4.Nc3 e6 5.d4 Nbd7 6.Qc2 Be7 7.Bd3 O-O 8.O-O b6
9.e4 dxe4 10.Nxe4 Bb7 11.Rd1 Nxe4 12.Bxe4 Nf6 13.Bd3 Qc7 14.Bg5 h6 15.Bh4 c5
16.Bg3 Qc8 17.Qe2 cxd4 18.Nxd4 Qc5 19.Rac1 Rfd8 20.Nb3 Qc6 21.f3 Rac8 22.Bf2 Ba6
23.c5 Bxd3 24.Rxd3 Rxd3 25.Qxd3 bxc5 26.Bxc5 Bxc5+ 27.Rxc5 Qb6 28.Qb5 Qxb5
29.Rxb5 Rc2 30.Nd4  1/2-1/2

[Event "XXIX Andorra Open"]
[Site "Arinsal AND"]
[Date "2011.07.20"]
[Round "5.9"]
[White "Peralta,Fe"]
[Black "Sochacki,C"]
[Result "1-0"]
[WhiteElo "2601"]
[BlackElo "2358"]

1.d4 Nf6 2.c4 c6 3.Nc3 d5 4.Nf3 e6 5.e3 Nbd7 6.Bd3 Bd6 7.e4 dxe4 8.Nxe4 Nxe4
9.Bxe4 Nf6 10.Bc2 Bb4+ 11.Bd2 Bxd2+ 12.Qxd2 O-O 13.O-O Qc7 14.c5 Rd8 15.Qe3 b6
16.Rfd1 Nd5 17.Qe4 g6 18.Bb3 a5 19.Rac1 b5 20.Qh4 Kg7 21.Bxd5 exd5 22.Re1 f6
23.Rc3 Ra7 24.Rce3 h5 25.Ng5 Bf5 26.Ne6+ Bxe6 27.Rxe6 Qf7 28.Qf4 Rc8 29.h4 Rd7
30.f3 Rcc7 31.Qe3 Qg8 32.Re2 Rf7 33.Kf1 Qh8 34.Kf2 Qh6 35.Qxh6+ Kxh6 36.Rd6 Rfe7
37.Rxf6 Rf7 38.Ree6 Rxf6 39.Rxf6 Kg7 40.Rd6 a4 41.Ke3 b4 42.Kd3 Kf7 43.Kc2 Re7
44.Kd2 Rc7 45.Kd3 Kg7 46.Rd8 Kf6 47.Ra8 Rg7 48.Rc8 g5 49.Rxc6+ Kf5 50.Ke3 g4
51.Rd6 Re7+ 52.Kf2 g3+ 53.Kxg3 Re2 54.Rxd5+  1-0

[Event "Biel MTO Open"]
[Site "Biel SUI"]
[Date "2011.07.20"]
[Round "3"]
[White "Al Sayed,Mohamad"]
[Black "Brkic,A"]
[Result "1-0"]
[WhiteElo "2498"]
[BlackElo "2598"]

1.d4 d5 2.c4 c6 3.Nc3 Nf6 4.e3 e6 5.Nf3 Nbd7 6.Qc2 Bd6 7.Bd3 O-O 8.O-O dxc4
9.Bxc4 a6 10.Rd1 Qc7 11.a4 c5 12.dxc5 Nxc5 13.b4 Ncd7 14.Qb3 Ne5 15.Nxe5 Bxe5
16.f4 Bd6 17.Bb2 Qe7 18.Qc2 Bxb4 19.Ne4 Nd5 20.Ng5 g6 21.Qb3 a5 22.Ne4 f6
23.g4 h6 24.Rac1 b5 25.Bxd5 bxa4 26.Qd3 exd5 27.Nxf6+ Rxf6 28.Bxf6 Qf7 29.Ba1 Bxg4
30.Rc7 Qxc7 31.Qxd5+ Kh7 32.Qxa8 g5 33.Qe4+  1-0

[Event "8th World Teams"]
[Site "Ningbo CHN"]
[Date "2011.07.20"]
[Round "4"]
[White "Ezat,M"]
[Black "Hovhannisyan,R"]
[Result "0-1"]
[WhiteElo "2430"]
[BlackElo "2556"]

1.d4 d5 2.c4 c6 3.Nc3 Nf6 4.e3 e6 5.Nf3 Bd6 6.Bd3 dxc4 7.Bxc4 b5 8.Bd3 Nbd7
9.a4 b4 10.Ne4 Nxe4 11.Bxe4 Bb7 12.a5 Rc8 13.a6 Ba8 14.Nd2 O-O 15.Nc4 Nf6
16.Bf3 Bc7 17.Bd2 Rb8 18.Qa4 c5 19.Bxa8 Rxa8 20.O-O Qd5 21.Rfc1 Ne4 22.Be1 cxd4
23.exd4 Qxd4 24.Qxb4 Rab8 25.Qa3 Bf4 26.Ne3 Qxb2 27.Qd3 Nc5 28.Qc4 Bxe3 29.fxe3 Rb5
30.Rab1 Qxb1 31.Rxb1 Rxb1 32.Qxc5 Rxe1+ 33.Kf2 Rd1 34.Qxa7 Rfd8 35.Qb6 R1d6
36.Qc7 R6d7 37.Qc6 Ra7 38.h3 Rda8 39.Kf3 Rxa6 40.Qb7 R6a7 41.Qc6 h5 42.Qc5 Ra5
43.Qb6 Rf5+ 44.Kg3 Kh7 45.Kh4 Ra4+ 46.g4 hxg4 47.hxg4 Rf6 48.Qc6 Ra1 49.Qc2+ Rg6
50.Qf2 Ra4 51.e4 Rxe4  0-1

[Event "4th Paleohora Open"]
[Site "Paleochora GRE"]
[Date "2011.07.20"]
[Round "1"]
[White "Kharitonov,Alexandr"]
[Black "Stoumbou,E"]
[Result "1-0"]
[WhiteElo "2539"]
[BlackElo "1873"]

1.d4 d5 2.c4 e6 3.Nc3 c6 4.e3 Nf6 5.Nf3 Nbd7 6.Qc2 Bd6 7.b3 O-O 8.Bb2 e5
9.Be2 Re8 10.cxd5 cxd5 11.Nb5 Bb8 12.dxe5 Nxe5 13.Nxe5 Bxe5 14.Bxe5 Rxe5
15.O-O Bf5 16.Qb2 Qe7 17.Rac1 Qe8 18.Nc7  1-0

[Event "Najdorf Memorial"]
[Site "Warsaw POL"]
[Date "2011.07.20"]
[Round "7.22"]
[White "Johansson,Th2"]
[Black "Krzyzanowski,M"]
[Result "1/2-1/2"]
[WhiteElo "2158"]
[BlackElo "2370"]

1.Nf3 d5 2.d4 Nf6 3.c4 c6 4.Nc3 e6 5.e3 Nbd7 6.Bd3 Bd6 7.e4 dxe4 8.Nxe4 Nxe4
9.Bxe4 Nf6 10.Bc2 c5 11.O-O h6 12.Ba4+ Ke7 13.d5 Qc7 14.Re1 Rd8 15.Qc2 Kf8
16.Bd2 exd5 17.cxd5 Kg8 18.Bb3 b5 19.a4 c4 20.Ba2 Bb7 21.axb5 Bxd5 22.Bc3 Ng4
23.h3 Bxf3 24.hxg4 Bb7 25.Qf5 Re8 26.Rad1 Rxe1+ 27.Rxe1 Qc8 28.Qxc8+ Rxc8
29.Rd1 Rd8 30.Be5 Be7 31.Rxd8+ Bxd8 32.Bxc4 Bb6 33.Kf1 Bc5 34.f3 Kf8 35.Ke2 f6
36.Bf4 Ke7 37.b4 Bb6 38.Kd3 g5 39.Bb8 Ba8 40.Bg8 Bb7 41.Bh7 Bd5 42.Be4 Ba2
43.Kc3 Bf2 44.Bc6 Bf7 45.Kd3 Ba2 46.Be4 Be6 47.Kc3 Be1+ 48.Kb2 Bf2 49.Bc7 Kd7
50.Bb8 Ke7 51.Bd3 Bd4+ 52.Ka3 Bb6 53.Bg3 Bf7 54.Be1 Bd4 55.b6 Bxb6 56.Ka4 Be8+
57.Bb5 Bg6 58.Kb3 h5 59.gxh5 Bxh5  1/2-1/2

[Event "Landon Brownell Memorial"]
[Site "Los Angeles USA"]
[Date "2011.07.21"]
[Round "2"]
[White "Coleman,T"]
[Black "Haessel,D"]
[Result "1-0"]
[WhiteElo "2285"]
[BlackElo "2211"]

1.d4 d5 2.c4 c6 3.Nc3 Nf6 4.e3 e6 5.Nf3 a6 6.Qc2 Nbd7 7.b3 Bd6 8.Bd3 O-O
9.O-O e5 10.cxd5 cxd5 11.e4 exd4 12.Nxd5 Nxd5 13.exd5 Nf6 14.h3 h6 15.Rd1 Nxd5
16.Bh7+ Kh8 17.Rxd4 Be6 18.Be4 Rc8 19.Qd3 Qf6 20.Bb2 Bc5 21.Rd1 Kg8 22.Ba1 Bxd4
23.Nxd4 Nf4 24.Qe3 Rcd8 25.Re1 Nd5 26.Nxe6 Qxe6 27.Qg3 g6 28.f4 Kh7 29.Kh1 Rfe8
30.f5 Qc6 31.Qf2 Qb6 32.fxg6+  1-0

[Event "Poznan Summer Open"]
[Site "Poznan POL"]
[Date "2011.07.21"]
[Round "6.9"]
[White "Lambucki,L"]
[Black "Musialkiewicz,P"]
[Result "0-1"]
[WhiteElo "1844"]
[BlackElo "1961"]

1.d4 d5 2.c4 c6 3.Nc3 e6 4.e3 Nf6 5.Nf3 Nbd7 6.Be2 Bd6 7.O-O O-O 8.Qc2 dxc4
9.Bxc4 a6 10.a3 b5 11.Ba2 c5 12.dxc5 Bxc5 13.b4 Be7 14.Bb2 Bb7 15.Rfd1 Rc8
16.Qe2 Qb6 17.Rac1 Rfd8 18.Bb1 Qa7 19.h4 Qa8 20.e4 h6 21.Nd2 e5 22.g4 Nf8
23.Nf1 Ne6 24.Nd5 Bxd5 25.Rxc8 Qxc8 26.exd5 Nf4 27.Qf3 Qxg4+ 28.Qxg4 Nxg4
29.Bf5 Nf6 30.Bxe5 N4xd5 31.Ng3 g6 32.Bb1 Ng4 33.Ba1 Bxh4 34.Ba2 Nf4 35.Rxd8+ Bxd8
36.f3 Bb6+ 37.Kh1 Ne3 38.Ne4 Nc2 39.Bc3 Bd4 40.Bd2 Be3 41.Bc3 Nxa3 42.Nd6 Ne6
43.Bd5 Bf4 44.Ne4 Nc7 45.Bb7 Nc4 46.Nc5 Nd6 47.Bxa6 Be3 48.Be5 Bxc5 49.bxc5 Nxa6
50.Bxd6 Nb4 51.Kg2 f6 52.Kg3 Kf7 53.Kf4 Ke6 54.Ke4 Nc6 55.f4 f5+ 56.Kd3 h5  0-1

[Event "Najdorf Memorial"]
[Site "Warsaw POL"]
[Date "2011.07.21"]
[Round "8"]
[White "Staniszewski,Pi"]
[Black "Baghdasaryan,V"]
[Result "1/2-1/2"]
[WhiteElo "2414"]
[BlackElo "2289"]

1.d4 d5 2.c4 c6 3.Nc3 Nf6 4.e3 e6 5.Nf3 Nbd7 6.Bd3 dxc4 7.Bxc4 Bd6 8.O-O O-O
9.e4 e5 10.Be3 Qe7 11.Bb3 exd4 12.Bxd4 Rd8 13.Qc2 Ne5 14.Nxe5 Bxe5 15.Bxe5 Qxe5
16.f4 Qc5+ 17.Qf2 Qxf2+ 18.Rxf2 Be6 19.Bxe6 fxe6 20.e5 Ng4 21.Re2 Rd4 22.Ne4 b6
23.g3 Nh6 24.a4 a5 25.Ng5 Re8 26.Nf3 Rb4 27.Rd2 Nf5 28.Ra3 c5 29.Kf2 h5 30.Ke1 Kf8
31.Kd1 Rc8 32.Rad3 Rxa4 33.Rd7 Rb4 34.Rb7 Nd4 35.Ng5 a4 36.Ke1 Kg8 37.Kf2 b5
38.Re7 Kf8 39.Rf7+ Kg8 40.Re7 Kf8 41.Rf7+ Kg8 42.Re7  1/2-1/2

[Event "Czech GM Open A"]
[Site "Pardubice CZE"]
[Date "2011.07.22"]
[Round "1.73"]
[White "Abel,D"]
[Black "Bartos,J"]
[Result "1-0"]
[WhiteElo "2418"]
[BlackElo "2215"]

1.d4 d5 2.c4 c6 3.Nc3 Nf6 4.e3 e6 5.Nf3 Nbd7 6.Qc2 b6 7.Be2 Bb7 8.O-O Be7
9.b3 O-O 10.Bb2 Rc8 11.Rfd1 Qc7 12.e4 dxe4 13.Nxe4 Nxe4 14.Qxe4 c5 15.Qe3 Bf6
16.Rd2 cxd4 17.Nxd4 a6 18.Rad1 Ne5 19.Qg3 Ng6 20.Qxc7 Rxc7 21.g3 Rd7 22.Nf3 Rxd2
23.Rxd2 Bxb2 24.Rxb2 Rd8 25.Rc2 e5 26.Kf1 e4 27.Nd2 Ne5 28.Ke1 Nd3+ 29.Bxd3 exd3
30.Rc3 g6 31.Nf1 g5 32.Kd2 Be4 33.c5 bxc5 34.Rxc5 h6 35.Rc4 Re8 36.Ne3 Re6
37.b4 f5 38.Rc5 f4 39.gxf4 gxf4 40.Nd1 Bh7 41.Nc3 Rg6 42.Rc8+ Kg7 43.Rc7+ Kh8
44.Rc4 Rg2 45.Rxf4 Rxh2 46.a4 Rh5 47.b5 axb5 48.axb5 Re5 49.b6 Re7 50.Rb4 Rb7
51.Na4 Rf7 52.b7  1-0

[Event "15th Godesburg Open"]
[Site "Bad Godesberg GER"]
[Date "2011.07.23"]
[Round "1.5"]
[White "Wacker,P"]
[Black "Kautz,S"]
[Result "1-0"]
[WhiteElo "2250"]
[BlackElo "1995"]

1.c4 c6 2.d4 d5 3.e3 Nf6 4.Nc3 e6 5.Nf3 Be7 6.Bd3 O-O 7.O-O dxc4 8.Bxc4 b5
9.Bd3 a6 10.e4 Bb7 11.Qc2 h6 12.Rd1 Qc8 13.Qe2 Nbd7 14.e5 Nd5 15.Ne4 c5 16.dxc5 Nxc5
17.Nxc5 Bxc5 18.Bd2 Bb6 19.a4 bxa4 20.Rxa4 Qd7 21.Ra3 Rfc8 22.Qe4 Nf6 23.Qf4 Ne8
24.Ba5 Qc7 25.Rc3 Bc6 26.Nd4 Bxa5 27.Rxc6 Qd7 28.Rxc8 Qxc8 29.Be4 Ra7 30.Nc6 Rd7
31.Rc1 Qc7 32.g3 Kf8 33.Rc2 Qb6 34.Bf3 Nc7 35.b4  1-0

[Event "ch-AUT"]
[Site "Linz AUT"]
[Date "2011.07.23"]
[Round "1"]
[White "Shengelia,D"]
[Black "Weilguni,Johann"]
[Result "1-0"]
[WhiteElo "2513"]
[BlackElo "2198"]

1.d4 d5 2.c4 c6 3.e3 Nf6 4.Nc3 e6 5.Nf3 Nbd7 6.Qc2 Be7 7.Bd3 dxc4 8.Bxc4 b5
9.Bd3 Bb7 10.e4 h6 11.O-O a6 12.e5 Nd5 13.Nxd5 cxd5 14.a4 bxa4 15.Qxa4 O-O
16.Bd2 Nb8 17.Bb1 h5 18.Qc2 g6 19.Bh6 Re8 20.Qd2 Nd7 21.Ng5 Bf8 22.Bxf8 Nxf8
23.Ra3 Re7 24.Qf4 Nh7 25.Nxh7 Kxh7 26.Rh3 Kg8 27.g4  1-0

[Event "Czech GM Open A"]
[Site "Pardubice CZE"]
[Date "2011.07.23"]
[Round "2.31"]
[White "Gavrilov,Al1"]
[Black "Strunski,A"]
[Result "0-1"]
[WhiteElo "2481"]
[BlackElo "2352"]

1.d4 d5 2.c4 c6 3.Nc3 Nf6 4.e3 e6 5.Nf3 Nbd7 6.Qc2 Bd6 7.Bd3 dxc4 8.Bxc4 O-O
9.O-O a6 10.Rd1 Qc7 11.Bd2 b5 12.Bd3 Bb7 13.b4 h6 14.Rac1 Rac8 15.Qb3 Qb8
16.Ne4 Nxe4 17.Bxe4 Rfe8 18.h3 Qa8 19.Bb1 Rcd8 20.Qc2 f5 21.Qb3 Kh8 22.e4 fxe4
23.Bxe4 a5 24.a3 axb4 25.axb4 Re7 26.Nh4 Nf8 27.Qf3 c5 28.Bxb7 Rxb7 29.bxc5 Be7
30.c6 Rc7 31.Bf4 Rcc8 32.c7 Rd5 33.Bg3 Qb7 34.Qf7 Bxh4 35.Bxh4 Rd7 36.Qh5 Rdxc7
37.Rb1 b4 38.Bg3 Rd7 39.Be5 Kg8 40.Rd3 Qe4 41.Rdb3 Rf7 42.f3 Qe2 43.Rxb4 Rf5
44.Qg4 Rg5 45.Qxg5 hxg5 46.Rb7 Kh7 47.h4 gxh4 48.Rxg7+ Kh6 49.Rbb7 Ng6 50.Rbf7 Rh8
51.f4 Qe1+ 52.Kh2 Qg3+ 53.Kh1 Qe1+ 54.Kh2 Qg3+ 55.Kh1 Nxe5 56.Rxg3 hxg3 57.Rb7 Rc8
58.Rb1 Ng4 59.Kg1 Ne3 60.Re1 Kg6 61.Rb1 Rc2 62.Re1 Kf5 63.Rb1 Ke4 64.Ra1 Rxg2+
65.Kh1 Rf2 66.Kg1 Rf1+ 67.Rxf1 Nxf1 68.Kxf1 Kf3 69.Kg1 g2  0-1

[Event "Poznan Summer Open"]
[Site "Poznan POL"]
[Date "2011.07.23"]
[Round "8.6"]
[White "Shishkin,Va UKR"]
[Black "Glatty,Z"]
[Result "1-0"]
[WhiteElo "2457"]
[BlackElo "1950"]

1.d4 d5 2.c4 c6 3.Nf3 Nf6 4.e3 e6 5.Nc3 Nbd7 6.Qc2 Bd6 7.b3 O-O 8.Bb2 Re8
9.Rd1 Qe7 10.Be2 b6 11.O-O Bb7 12.Rfe1 Rac8 13.e4 dxe4 14.Nxe4 Nxe4 15.Qxe4 Nf6
16.Qh4 Bb4 17.Rf1 Qd8 18.Bd3 h6 19.Ne5 Bf8 20.Rfe1 Qe7 21.f4 c5 22.f5 cxd4
23.fxe6 Qxe6 24.Bxd4 Bc5 25.Bxc5 Rxc5 26.Ng6 Qc6 27.Rxe8+ Qxe8 28.Re1 Qd8
29.Ne7+ Kf8 30.Bf1 Qd6 31.b4 Rh5 32.Qg3 Qxg3 33.hxg3 Ng4 34.a4 g6 35.Be2 Re5
36.Nd5 Bxd5 37.cxd5 Nf6 38.d6 Rd5 39.Rc1 Rxd6 40.a5 bxa5 41.bxa5 h5 42.a6 Kg7
43.Rb1 Kf8 44.Rb8+ Ke7 45.Rb7+ Rd7 46.Bb5  1-0

[Event "19th St Affrique Open"]
[Site "Saint Affrique FRA"]
[Date "2011.07.23"]
[Round "1.9"]
[White "Kukov,V"]
[Black "Rinie,J"]
[Result "1-0"]
[WhiteElo "2377"]
[BlackElo "1760"]

1.d4 d5 2.Nf3 c6 3.e3 Nf6 4.c4 e6 5.Nc3 Nbd7 6.Bd3 Bd6 7.O-O O-O 8.Qe2 e5
9.cxd5 cxd5 10.dxe5 Nxe5 11.Nxe5 Bxe5 12.f4 Bxc3 13.bxc3 a6 14.c4 dxc4 15.Bxc4 b5
16.Bb3 Re8 17.Bb2 Bb7 18.Rad1 Qe7 19.Bd4 Rac8 20.Rd2 Ne4 21.Qg4 Nf6 22.Bxf6 Qxf6
23.Rd7 Re7 24.Rxb7  1-0

[Event "XXIX Andorra Open"]
[Site "Arinsal AND"]
[Date "2011.07.24"]
[Round "9.2"]
[White "Zoler,D"]
[Black "Kogan,Ar"]
[Result "1/2-1/2"]
[WhiteElo "2527"]
[BlackElo "2548"]

1.d4 Nf6 2.c4 c6 3.Nf3 d5 4.Nc3 e6 5.e3 Nbd7 6.Qc2 Bd6 7.Be2 O-O 8.O-O dxc4
9.Bxc4 b5 10.Be2 Bb7  1/2-1/2

[Event "16th Balaguer Open"]
[Site "Balaguer ESP"]
[Date "2011.07.24"]
[Round "8"]
[White "Moradiabadi,E"]
[Black "Burmakin,V"]
[Result "1/2-1/2"]
[WhiteElo "2532"]
[BlackElo "2579"]

1.d4 d5 2.c4 c6 3.Nc3 Nf6 4.Nf3 e6 5.e3 Nbd7 6.Bd3 Bd6 7.e4 dxe4 8.Nxe4 Nxe4
9.Bxe4 Bb4+ 10.Bd2 Qa5 11.O-O  1/2-1/2

[Event "ch-AUT"]
[Site "Linz AUT"]
[Date "2011.07.24"]
[Round "2"]
[White "Fauland,A"]
[Black "Meglitsch,K"]
[Result "1-0"]
[WhiteElo "2477"]
[BlackElo "2068"]

1.d4 d5 2.c4 c6 3.Nc3 Nf6 4.e3 e6 5.Nf3 Nbd7 6.Qc2 Bd6 7.Bd3 O-O 8.O-O Qe7
9.e4 dxe4 10.Nxe4 Nxe4 11.Bxe4 h6 12.Re1 Nf6 13.Bd3 c5 14.h3 b6 15.b3 cxd4
16.Nxd4 Bc5 17.Bb2 Bb7 18.Rad1 Qc7 19.Nb5 Qc6 20.Bf1 Ne4 21.Nd4 Bxd4 22.Rxd4 Ng5
23.h4 Nf3+ 24.gxf3 Qxf3 25.Ree4 Rad8 26.Bg2 Bxe4 27.Qxe4 Qxe4 28.Bxe4 Rxd4
29.Bxd4 Rd8 30.Be3 Rd1+ 31.Kg2 f5 32.Bc2 Ra1 33.a4 Ra2 34.Bd3 Ra3 35.c5 Rxb3
36.Bc4 Rb4 37.Bxe6+ Kh8 38.c6  1-0

[Event "2nd ch-Vojvodina"]
[Site "Novi Sad SRB"]
[Date "2011.07.24"]
[Round "1.20"]
[White "Jovic,Ste"]
[Black "Milovanovic,Marica"]
[Result "1-0"]
[WhiteElo "2273"]
[BlackElo "1955"]

1.d4 d5 2.c4 c6 3.Nc3 Nf6 4.e3 e6 5.Nf3 Nbd7 6.Qc2 Be7 7.Be2 dxc4 8.Bxc4 O-O
9.O-O Nb6 10.Bd3 h6 11.Rd1 Nbd5 12.a3 Nxc3 13.bxc3 b6 14.e4 Bb7 15.c4 Qc7
16.Qe2 Rfd8 17.e5 Nh7 18.Qe4 Nf8 19.Qg4 Kh8 20.Qh5 f5 21.exf6 Bxf6 22.Bxh6 Kg8
23.Bg5 Qf7 24.Qxf7+ Kxf7 25.Ne5+ Ke7 26.Bxf6+ gxf6 27.Nf3 Nd7 28.Re1 Rg8
29.c5 bxc5 30.Bc4 Nf8 31.dxc5 Rd8 32.h3 Rh8 33.Rab1 Bc8 34.Rb8 Rh5 35.Ra8 Rxc5
36.Rxa7+ Rd7 37.Rxd7+ Bxd7 38.Bf1 Rc3 39.Ra1 c5 40.a4 Bc6 41.a5 Nd7 42.a6 Nb6
43.a7 Rb3 44.Nd2 Rb4 45.Ra6 Bb7 46.Ra3 c4 47.h4 f5 48.g3 Ba8 49.Bg2 Bxg2
50.Kxg2 Na8 51.Kf3 e5 52.Ke2 f4 53.g4 Rb2 54.Kd1 Rb4 55.Kc2 Rb7 56.Ra6 Rc7
57.Kc3 Kf7 58.f3 Rc8 59.h5 Nc7 60.Ra5 Ke6 61.Nxc4 Nd5+ 62.Kb3 Ra8 63.Rxd5 Kxd5
64.Nb6+ Kc6 65.Nxa8  1-0

[Event "4th Paleohora Open"]
[Site "Paleochora GRE"]
[Date "2011.07.24"]
[Round "6"]
[White "Skembris,S"]
[Black "Kostopoulos,E"]
[Result "1-0"]
[WhiteElo "2475"]
[BlackElo "2262"]

1.c4 e6 2.Nc3 d5 3.e3 Nf6 4.Nf3 c6 5.d4 Nbd7 6.Qc2 Bd6 7.Bd3 O-O 8.O-O dxc4
9.Bxc4 b5 10.Be2 Bb7 11.b3 a6 12.Ne4 Nxe4 13.Qxe4 Nf6 14.Qh4 c5 15.dxc5 Bxc5
16.Bb2 Qe7 17.a4 Bd5 18.axb5 axb5 19.Rxa8 Rxa8 20.Bxb5 Bxb3 21.Bd3 h6 22.Rc1 Ba3
23.Bxf6 Qxf6 24.Qe4 Bd5 25.Qh7+ Kf8 26.Rc7 g5 27.Ne5  1-0

[Event "Czech GM Open A"]
[Site "Pardubice CZE"]
[Date "2011.07.24"]
[Round "3.24"]
[White "Simantsev,M"]
[Black "Antipov,M2"]
[Result "1-0"]
[WhiteElo "2558"]
[BlackElo "2407"]

1.d4 Nf6 2.Nf3 d5 3.c4 c6 4.Nc3 e6 5.e3 Nbd7 6.Qc2 Bd6 7.Be2 O-O 8.O-O dxc4
9.Bxc4 b5 10.Be2 Bb7 11.Rd1 Qb8 12.b3 a6 13.Ne4 Nxe4 14.Qxe4 c5 15.Qh4 cxd4
16.Nxd4 Be5 17.Ba3 Bf6 18.Qh3 Re8 19.Rac1 Bd5 20.Nc6 Qb7 21.Bf3 Ne5 22.Nxe5 Bxe5
23.Bxd5 exd5 24.Bc5 Rad8 25.Qf3 Re6 26.Rd3 Rf6 27.Qh5 Bd6 28.Bxd6 Rfxd6 29.Rd4 h6
30.Qd1 Rc8 31.Rxc8+ Qxc8 32.g3 Rc6 33.Kg2 Rc1 34.Qf3 Qe6 35.Rxd5 Rc2 36.a4 b4
37.Rd4 a5 38.Qa8+ Rc8 39.Qxa5 Qxb3 40.Rxb4 Qc2 41.Qd5 Rc6 42.Rf4 Re6 43.a5 Qc7
44.Rc4 Qa7 45.h4 Ra6 46.Rc8+ Kh7 47.Qd3+ Rg6 48.Qd5 Rf6 49.h5 g5 50.Qe4+ Kg7
51.Qe8 Qb7+ 52.e4  1-0

[Event "TCh-POR 1st Div"]
[Site "Torres Vedras POR"]
[Date "2011.07.24"]
[Round "2.7"]
[White "Ferreira,Jor1"]
[Black "Coimbra,M"]
[Result "1/2-1/2"]
[WhiteElo "2327"]
[BlackElo "2113"]

1.d4 d5 2.c4 c6 3.Nf3 Nf6 4.Nc3 e6 5.e3 a6 6.Qc2 c5 7.cxd5 exd5 8.Be2 Nc6
9.O-O Be6 10.dxc5 Bxc5 11.b3 O-O 12.Bb2 Qe7 13.Rac1 Ba7 14.Rfd1 Rfd8 15.Na4 Rac8
16.Qb1 b5 17.Bxf6 Qxf6 18.Nc5 Nb4 19.Nd3 Nxd3 20.Qxd3 g6 21.Nd4 Bxd4 22.Qxd4 Qxd4
23.exd4 Kf8 24.b4 Rxc1 25.Rxc1 Ke7 26.f4 Bf5 27.Kf2 Kd6 28.Bf3 Be4 29.Bg4 a5
30.bxa5  1/2-1/2

[Event "TCh-POR 1st Div"]
[Site "Torres Vedras POR"]
[Date "2011.07.24"]
[Round "2.4"]
[White "Hammes,M"]
[Black "Gomez Gomez,F"]
[Result "1/2-1/2"]
[WhiteElo "2391"]
[BlackElo "2129"]

1.d4 d5 2.c4 c6 3.Nc3 Nf6 4.e3 e6 5.Nf3 Nbd7 6.Qc2 Bd6 7.b3 O-O 8.Be2 e5
9.cxd5 Nxd5 10.Nxd5 cxd5 11.dxe5 Nxe5 12.Nd4 Qg5 13.Kf1 Qe7 14.Bb2 f5 15.g3 Bd7
16.Rd1 Rac8 17.Qb1 Ng4 18.Bf3 Qf7 19.Ne2 Be6 20.Nf4 Bxf4 21.gxf4 Qh5 22.Kg2 Qh4
23.Rd2 Nf6 24.Rg1 Ne4 25.Re2 Rc6 26.Kh1 Rf7 27.Qe1 Bd7 28.Rg2 Qh3 29.Bxe4 fxe4
30.Rg3 Qh4 31.Qg1 g6 32.Qd1 Qh5 33.Qd4 Rff6 34.Rd2 Bg4 35.h3 Bxh3 36.Qxd5+ Qxd5
37.Rxd5 Be6 38.Ra5 Rf7 39.Rxa7 Rc2 40.Bd4 Rxf2 41.Rg2 Rf1+ 42.Kh2 Rf5 43.Rg5 Rxg5
44.fxg5 Bd5 45.Be5 Kf7 46.Bf4 Ke6 47.Ra5 Rc1 48.Kg3 Rc2 49.Ra8 Kf7 50.Rh8 Rxa2
51.Rxh7+ Kg8 52.Rd7 Bxb3 53.Rxb7 Be6 54.Bd6 Ra5 55.Re7 Bf5 56.Kf4 Rd5 57.Bb4 Rb5
58.Bc3 Rc5 59.Bd4 Rb5 60.Ra7 Rd5 61.Rc7 Rb5 62.Bc5 Rb8 63.Ke5 Rc8 64.Rxc8+ Bxc8
65.Kxe4 Kf7 66.Kd5 Be6+ 67.Ke5 Ba2 68.Bd4  1/2-1/2

[Event "16th Balaguer Open"]
[Site "Balaguer ESP"]
[Date "2011.07.25"]
[Round "9"]
[White "Colovic,A"]
[Black "Trepat Herranz,J"]
[Result "1/2-1/2"]
[WhiteElo "2450"]
[BlackElo "2352"]

1.d4 d5 2.c4 c6 3.Nc3 Nf6 4.Nf3 e6 5.e3 Nbd7 6.Bd3 dxc4 7.Bxc4 b5 8.Be2 Be7
9.O-O O-O 10.a3 a5 11.e4 Ba6 12.Bg5 b4 13.axb4 axb4 14.Na4 Bb5 15.Bd3 Bxd3
16.Qxd3 Rxa4 17.Rxa4 Nc5 18.Qc2 Nxa4 19.Bxf6 Bxf6 20.Qxa4 Bxd4 21.Qxb4 c5
22.Qc4 Bxb2 23.Qxc5 Qd3 24.Re1 h6 25.Qe3 Rd8  1/2-1/2

[Event "Biel MTO Open"]
[Site "Biel SUI"]
[Date "2011.07.25"]
[Round "7"]
[White "Delorme,Ax"]
[Black "Brkic,A"]
[Result "0-1"]
[WhiteElo "2448"]
[BlackElo "2598"]

1.d4 d5 2.c4 c6 3.Nf3 Nf6 4.Nc3 e6 5.e3 Nbd7 6.Qc2 Bd6 7.Bd3 O-O 8.O-O dxc4
9.Bxc4 a6 10.Rd1 Qc7 11.Ne4 Nxe4 12.Qxe4 e5 13.Qh4 b5 14.Bb3 Bb7 15.Ng5 Nf6
16.f4 e4 17.Bd2 h6 18.Nh3 c5 19.dxc5 Bxc5 20.Qe1 Qb6 21.Nf2 b4 22.Rac1 a5
23.Kh1 Rfd8 24.Rc2 a4 25.Bc4 Nd5 26.Bxd5 Rxd5 27.Rxc5 Rxc5 28.Bxb4 Rc2 29.Bc3 a3
30.Bd4 Qc6 31.bxa3 Rxa3 32.Ng4 Raxa2 33.Qg3 Rxg2 34.Qh4 Qg6 35.Qd8+ Kh7 36.Bxg7 Rxh2+  0-1

[Event "ch-AUT"]
[Site "Linz AUT"]
[Date "2011.07.25"]
[Round "3"]
[White "Diermair,A"]
[Black "Froewis,G"]
[Result "1/2-1/2"]
[WhiteElo "2432"]
[BlackElo "2329"]

1.Nf3 d5 2.d4 Nf6 3.c4 e6 4.Nc3 c6 5.e3 Nbd7 6.Qc2 Bd6 7.Bd3 O-O 8.O-O dxc4
9.Bxc4 a6 10.Rd1 c5 11.dxc5 Bxc5 12.Bd3 h6 13.Bd2 Qe7 14.Rac1 b6 15.Ne4 Bb7
16.Nxc5 Nxc5 17.Be2 Rfd8 18.Bb4 Rxd1+ 19.Rxd1 Rc8 20.Qd2 Nd5 21.Ba3 Qf6 22.Rc1 Rd8
23.Bxc5 bxc5 24.Rd1 Rc8 25.Rc1 Rd8 26.Rd1 Rc8 27.Rc1  1/2-1/2

[Event "ch-AUT"]
[Site "Linz AUT"]
[Date "2011.07.25"]
[Round "3"]
[White "Niederwieser,P"]
[Black "Wegerer,J"]
[Result "1-0"]
[WhiteElo "2188"]
[BlackElo "2082"]

1.d4 d5 2.c4 c6 3.Nc3 Nf6 4.e3 e6 5.Nf3 Nbd7 6.Qc2 Bd6 7.b3 O-O 8.Be2 b6
9.O-O Bb7 10.Bb2 Qe7 11.Rad1 Rac8 12.Rfe1 Rfd8 13.e4 dxe4 14.Nxe4 Nxe4 15.Qxe4 Bb4
16.Rf1 Nf6 17.Qh4 Nd5 18.cxd5  1-0

[Event "Lake Sevan GM"]
[Site "Martuni ARM"]
[Date "2011.07.25"]
[Round "4.5"]
[White "Melkumyan,H"]
[Black "Ter Sahakyan,S"]
[Result "1-0"]
[WhiteElo "2600"]
[BlackElo "2558"]

1.d4 d5 2.c4 c6 3.Nc3 Nf6 4.e3 e6 5.Nf3 Nbd7 6.Qc2 Bd6 7.Bd3 O-O 8.O-O dxc4
9.Bxc4 a6 10.Ng5 h6 11.Nge4 Nxe4 12.Nxe4 Be7 13.Rd1 b5 14.Be2 Qb6 15.Bd2 f5
16.Nc5 Nxc5 17.Bb4 Bd7 18.Bxc5 Qd8 19.Rac1 a5 20.Bf3 Rc8 21.Qd2 a4 22.g3 Rf7
23.Qb4 Kh7 24.Bxe7 Rxe7 25.Qd6 Re8 26.Rc5 Qc7 27.Qxc7 Rxc7 28.Rdc1 Rec8 29.Kg2 Kg6
30.g4 fxg4 31.Bxg4 Kf6 32.Be2 Rb7 33.f4 Ke7 34.Bf3 Kd6 35.Kf2 Rbc7 36.h4 Be8
37.e4 Ke7 38.Ke3 Bd7 39.R1c2 Be8 40.Be2 Kd8 41.Bg4 Re7 42.d5 exd5 43.Rxd5+ Bd7
44.Rxd7+ Rxd7 45.Bxd7 Kxd7 46.Rg2 g5 47.hxg5 hxg5 48.Rxg5 Rh8 49.e5 Rh2 50.f5  1-0

[Event "2nd ch-Vojvodina"]
[Site "Novi Sad SRB"]
[Date "2011.07.25"]
[Round "3.16"]
[White "Grujic,Z"]
[Black "Protudjer,B"]
[Result "1-0"]
[WhiteElo "2339"]
[BlackElo "2023"]

1.c4 c6 2.Nc3 d5 3.d4 e6 4.e3 Nf6 5.Nf3 Nbd7 6.Qc2 Be7 7.b3 O-O 8.Be2 Re8
9.O-O b6 10.e4 dxe4 11.Nxe4 Bb7 12.Bf4 Nxe4 13.Qxe4 Nf6 14.Qe3 c5 15.Rad1 cxd4
16.Nxd4 Bc5 17.Qc3 Qe7 18.Be3 Bb4 19.Qb2 Ba3 20.Qa1 Bc5 21.Qc1 Rad8 22.Nb5 Bxe3
23.Qxe3 Bc6 24.Nd4 Bb7 25.Bf3 Bxf3 26.Qxf3 Qc7 27.Rd2 a6 28.Rfd1 h6 29.Qc6 Qb8
30.Qf3 Qc7 31.h3 Rd7 32.Qc6 Qb8 33.Qa4 Qb7 34.Qc6 Qb8 35.Nf3 Rxd2 36.Rxd2 Rd8
37.Rxd8+ Qxd8 38.g3 g6 39.Qb7 a5 40.Ne5 Qe8 41.Qxb6 a4 42.b4 Qe7 43.b5 Qb4
44.Qc7 Qf8 45.b6 Ne8 46.Qxf7+ Qxf7 47.Nxf7  1-0